02383cam a2200397 a 4500952014900000999001700149001000900166003000400175005001700179008004100196010001700237015001900254016001800273020002500291020002200316035002400338040010200362042001400464050002500478082002700503100004000530245014600570260010700716300001000823490006100833504006600894505064000960650008401600650002801684650003201712651004201744651004001786830006201826906004501888942005201933 00102ddc40708POLITICAL SCIENCEaMESbMEScPOLd2019-02-20g1995.00l0o328.5409045 KUM/Pp38824r2019-02-20 00:00:00w2019-02-20yBKzGL10R4 c21803d2180317678575OSt20200606101716.0130329s2013 enkab b 001 0 eng d a 2012277167 aGBB2625792bnb7 a0161119392Uk a9781780762289 (hbk.) a1780762283 (hbk.) a(OCoLC)ocn797980927 aUKMGBbengcoclcdOCLCOdBTCTAdYDXCPdJ2HdYNKdBDXdNDDdOUNdBWXdMUUdWAUdNLEdCDXdCODdDLC alccopycat00aDS480.84b.K773 201304a328.5409045223bKUM/P aKumarasingham, Harshand1979-9257312aA political legacy of the British Empire :bpower and the parliamentary system in post-colonial India and Sri Lanka /cHarshan Kumarasingham. aLondon ;aNew York :bI.B. Tauris ;aNew York :bDistributed in the U.S. by Palgrave Macmillan,c2013. a297 p1 aInternational library of twentieth century history ;v54 aIncludes bibliographical references (p. [277]-292) and index.0 aEastminster : the Westminster system in India and Sri Lanka -- Mixed messages? India's responses to its British legacy -- The Indian version of first among equals : the battle for executive ascendency -- Indian federalism : a paramount mechanism -- 'Think of Ceylon as a little bit of England' : Sri Lanka and the British legacy -- Unconventional conventions : power partnerships in the Sri Lankan executive -- Sri Lankan communalism : a 'canker' ignored? -- India and Sri Lanka's Eastminsters compared -- Conclusion -- Appendix: Governors-General, Presidents and Prime Ministers of India and Sri Lanka in the post-independence decade. 0aRepresentative government and representationzSri LankaxHistoryy20th century. 0aPostcolonialismzIndia. 0aPostcolonialismzSri Lanka. 0aIndiaxPolitics and governmenty1947- 0aSri LankaxPolitics and government. 0aInternational library of twentieth century history ;v54. a7bcbcccopycatd2encipf20gy-gencatlg 2ddccBKh328.5409045iKUM/Pk328.5409045mKUM/P